IFM Opac

Principles of Auditing (Record no. 12885)

MARC details
000 -LEADER
fixed length control field 00378nam a22001577a 4500
020 ## - INTERNATIONAL STANDARD BOOK NUMBER
International Standard Book Number 0256019029
082 ## - DEWEY DECIMAL CLASSIFICATION NUMBER
Classification number 657.45 MEI
245 ## - TITLE STATEMENT
Title Principles of Auditing
250 ## - EDITION STATEMENT
Edition statement 6th ed
260 ## - PUBLICATION, DISTRIBUTION, ETC.
Place of publication, distribution, etc. Western Wichicago
Name of publisher, distributor, etc. Irwin
Date of publication, distribution, etc. 1977
300 ## - PHYSICAL DESCRIPTION
Extent xix,
Other physical details 738p
500 ## - GENERAL NOTE
General note Including Index
650 ## - SUBJECT ADDED ENTRY--TOPICAL TERM
Topical term or geographic name entry element Principles of Auditing
9 (RLIN) 8154
700 ## - ADDED ENTRY--PERSONAL NAME
Personal name E. John Larsen
9 (RLIN) 8155
942 ## - ADDED ENTRY ELEMENTS (KOHA)
Koha item type Books
Holdings
Withdrawn status Lost status Damaged status Not for loan Collection code Home library Current library Shelving location Date acquired Source of acquisition Total Checkouts Full call number Barcode Date last seen Price effective from Koha item type
        Non-fiction IFM Main Campus Library IFM Main Campus Library Archival Collection 09/29/2021 purchases   657.45 MEIGS 0000016238 10/23/2015 02/19/2022 Books